|
|
|
|
| LEADER |
00816cam a2200217 7i4500 |
| 001 |
0000007486 |
| 005 |
20181001090000.0 |
| 020 |
|
|
|a 8178084449 (pbk. ; vol. 1)
|
| 020 |
|
|
|a 9798178084441 (pbk.)
|
| 090 |
0 |
0 |
|a TK5105.585
|b .C66 2000
|
| 100 |
1 |
|
|a Comer, Douglas E
|
| 245 |
1 |
0 |
|a Internetworking with TCP/IP
|c Douglas E. Comer.
|
| 250 |
|
|
|a 4th ed.
|
| 260 |
|
|
|a India:
|b Pearson Education (Singapore) Pte. Ltd.,
|c 2000.
|
| 300 |
|
|
|a xxix, 750 p.:
|b ill.;
|c 24 cm.
|
| 504 |
|
|
|a Includes bibliographical references and index
|
| 505 |
0 |
|
|a v. 1. Principles, protocols, and architecture
|
| 650 |
0 |
0 |
|a Network
|
| 997 |
|
|
|a Communication, Visual Art & Computing, Faculty
|b Computing, Department
|
| 999 |
|
|
|a 0000002162
|b BOK
|c OPEN SHELF
|e 2nd Floor, Bestari Jaya
|
| 999 |
|
|
|a 0000002163
|b BOK
|c OPEN SHELF
|e 2nd Floor, Bestari Jaya
|